Investície a rast výkonnosti podniku
Možnosti merania výkonnosti podnikov. Skutočná výkonnosť podniku a ako túto výkonnosť merať. Hodnoty daných ukazovateľov predstavujú dôležitý faktor rozhodovania budúceho investovania firmy. Správne alokovaná investícia, rast výkonnosti podniku a jeho konkurencieschopnosti.
Na minha lista:
| Autor principal: | |
|---|---|
| Outros Autores: | |
| Formato: | Capítulo de Livro |
| Idioma: | eslovaco |
| Assuntos: | |
| Tags: |
Sem tags, seja o primeiro a adicionar uma tag!
|
MARC
| LEADER | 00000nla$a2200000$$$4500 | ||
|---|---|---|---|
| 001 | 0142112 | ||
| 005 | 20220321080036.9 | ||
| 041 | 0 | |a slo | |
| 044 | |a SK | ||
| 245 | 1 | 0 | |a Investície a rast výkonnosti podniku |c Jozef Drábek, Martina Merková |
| 520 | |a Možnosti merania výkonnosti podnikov. Skutočná výkonnosť podniku a ako túto výkonnosť merať. Hodnoty daných ukazovateľov predstavujú dôležitý faktor rozhodovania budúceho investovania firmy. Správne alokovaná investícia, rast výkonnosti podniku a jeho konkurencieschopnosti. | ||
| 610 | 2 | 0 | |a podnik |
| 610 | 2 | 0 | |a riadenie finančné |
| 610 | 2 | 0 | |a investície |
| 610 | 2 | 0 | |a kapitál |
| 610 | 2 | 0 | |a výkony podnikové |
| 610 | 2 | 0 | |a hodnota pridaná ekonomická |
| 610 | 2 | 0 | |a ukazovateľ EVA |
| 610 | 2 | 0 | |a cash flow |
| 610 | 2 | 0 | |a zisk |
| 610 | 2 | 0 | |a konkurencieschopnosť |
| 100 | 1 | |a Drábek, Josef | |
| 700 | 1 | |a Merková, Martina | |